000 00894cam a22002891 4500
001 6103749
003 OSt
005 20140310182103.0
008 760528s1963 nyu b 000 0 eng
010 _a 63004408
020 _a0451524446
035 _a(OCoLC)2201383
040 _aDLC
_cAzU
_dOCoLC
_dDLC
050 0 0 _aPR 2823.A2
_b.Sh527 1963
082 _aHS 822.33Ts
_bSh1 1987
100 1 _aShakespeare, William
_d1564-1616.
_912865
245 0 4 _aThe tragedy of Macbeth /
_cWilliam Shakespeare.
260 _aNew york :
_bPenguin group,
_cc1963.
300 _a267 p. :
_c18 cm.
490 0 _aSignet classics, CD161. The Signet classic Shakespeare
600 0 0 _aMacbeth,
_cKing of Scotland,
_d11th cent.
_xDrama.
_912866
700 1 _aBarnet, Sylvan,
_eed.
_912867
740 0 _aMacbeth.
906 _a7
_bcbc
_coclcrpl
_du
_encip
_f19
_gy-gencatlg
942 _2lcc
_cHS
999 _c9224
_d9224